Nemčina pre 1. ročník jazykových škôl a pre kurzy

Bibliographic Details
Main Authors: Beneš, Eduard, 1911-1996 (Author), Valentová, Oľga (Adapter)
Other Authors: Mader, Rudolf, 1922- (Illustrator)
Format: Book
Language:Slovak
PhysicalDescription:236 s. ilustrácie 21 cm
Published: Bratislava Slovenské pedagogické nakladateľstvo 1970
Subjects:

MARC

LEADER 00000cam a2200000 a 4500
001 vtls001262529
003 SK-MaSNL
005 20260301234526.0
008 180814s1970 xo a p 00000 slo
015 |a SNBA2020/03 
035 |a SNK000213421 
040 |a SNK  |b slo  |c SNK  |e AACR2 
041 0 |a slo 
044 |a xo  |c SK 
080 |a 811.112.2(075.4)  |2 1981 
245 0 0 |a Nemčina pre 1. ročník jazykových škôl a pre kurzy  |c [spracovali: Eduard Beneš a kol. ; pre slov. školy upr. Oľga Valentová. Ilustr. Rudolf Mader] 
260 |a Bratislava  |b Slovenské pedagogické nakladateľstvo  |c 1970 
300 |a 236 s.  |b ilustrácie  |c 21 cm 
650 0 7 |a nemčina  |2 SNKPH  |9 1384 
655 7 |a učebnice jazykových škôl  |2 SNKPH  |9 106234 
655 7 |a učebnice kurzov  |2 SNKPH  |9 474363 
700 1 |a Beneš, Eduard,  |d 1911-1996  |4 aut  |9 88646 
700 1 |a Valentová, Oľga  |4 adp  |9 349141 
700 1 |a Mader, Rudolf,  |d 1922-  |4 ill  |9 200131 
958 |a OND 
958 |a DE 
999 |c 970413  |d 972343 
952 |t P60, <03>, [BOOK], {603}  |a SNK  |b SNK  |y PREZ  |7 0  |p 17A0295581  |o snkSC 26646  |i snkK 450/2001  |0 0  |1 0  |4 0  |d 2001-04-26  |l 0  |r 2025-09-11 00:00:00  |w 2026-02-24 
952 |t P60, <04>, [BOOK], {604}  |a SNK  |b SNK  |y VYP  |7 0  |p 17A0223849  |o snkSC 26646 D1  |i snkKSP 7455/70  |0 0  |1 0  |4 0  |d 1996-10-03  |l 0  |r 2005-01-01 00:00:00  |w 2026-02-24